| 000 | 00373cam a2200145ua 4500 | ||
|---|---|---|---|
| 041 |
_amal _h |
||
| 082 |
_a894.81209 _bUNI/DA |
||
| 100 | _aUnnikrishnan, Puthur . | ||
| 245 |
_aDaylor thomasinte ganam / _cUnnikrishnan Puthur. _hTextual Documents |
||
| 260 |
_aThrissur : _bCurrent Books , _c1965. |
||
| 300 | _a161 ; . | ||
| 504 | _a | ||
| 942 | _cBK | ||
| 999 |
_c7223 _d7223 |
||